| 000 | 00473nam a2200181Ia 4500 | ||
|---|---|---|---|
| 001 | 21256 | ||
| 005 | 20260306172906.0 | ||
| 008 | 260306t2021||||xx |||||||||||||| ||spa|| | ||
| 041 | _aESP | ||
| 082 |
_a344.522 _bA82 |
||
| 100 |
_aAspilcueta Cama, Elizabeth _eAUT |
||
| 245 | 0 | _aLey de prevención y sanción del hostigamiento sexual en el trabajo | |
| 260 | _c2021 | ||
| 300 |
_a62 páginas : _c24 cm. |
||
| 650 | _aGEN | ||
| 654 | _aCDE | ||
| 942 |
_cLIB _dJUS _fJUS _2ddc _n |
||
| 999 |
_c21256 _d21256 |
||